Extention programme planning / (Record no. 3964)

MARC details
000 -LEADER
fixed length control field 00578nam a22002057a 4500
001 - CONTROL NUMBER
control field BD-DhSAU 3964
003 - CONTROL NUMBER IDENTIFIER
control field BD-DhSAU
005 - DATE AND TIME OF LATEST TRANSACTION
control field 20150211092552.0
008 - FIXED-LENGTH DATA ELEMENTS--GENERAL INFORMATION
fixed length control field 150211b1994 ii a|||| |||| 001 0 eng d
020 ## - INTERNATIONAL STANDARD BOOK NUMBER
International Standard Book Number 8120409116
040 ## - CATALOGING SOURCE
Original cataloging agency BD-DhSAU
082 ## - DEWEY DECIMAL CLASSIFICATION NUMBER
Edition number 22
Classification number 658.401
Item number SAE
100 ## - MAIN ENTRY--PERSONAL NAME
Personal name Sandhu, Anoop Singh
245 ## - TITLE STATEMENT
Title Extention programme planning /
Statement of responsibility, etc. Anoop Singh Sandhu
260 ## - PUBLICATION, DISTRIBUTION, ETC. (IMPRINT)
Place of publication, distribution, etc. New delhi :
Name of publisher, distributor, etc. Oxford publishers ,
Date of publication, distribution, etc. c1994.
300 ## - PHYSICAL DESCRIPTION
Extent ix, 157 p.:
Other physical details ill. ;
Dimensions 21 cm.
504 ## - BIBLIOGRAPHY, ETC. NOTE
Bibliography, etc Includes bibliography and index
590 ## - Name of Cataloguer
Name of Cataloger IMRAN
650 ## - SUBJECT ADDED ENTRY--TOPICAL TERM
Topical term or geographic name as entry element Extention programme
942 ## - ADDED ENTRY ELEMENTS (KOHA)
Source of classification or shelving scheme Dewey Decimal Classification
Koha item type Book
Holdings
Withdrawn status Lost status Source of classification or shelving scheme Damaged status Not for loan Home library Branch Name Shelving location Date acquired Total Checkouts Full call number Barcode Date last seen Price effective from Koha item type Date checked out Collection code
    Dewey Decimal Classification     SAU Library SAU Library General Stacks 28/03/2005   658.401 SAE 31354 11/02/2015 11/02/2015 Book    
    Dewey Decimal Classification     SAU Library SAU Library General Stacks 28/03/2005 1 658.401 SAE 27292 26/11/2018 11/02/2015 Book 25/11/2018  
    Dewey Decimal Classification     SAU Library SAU Library General Stacks 28/03/2005 1 658.401 SAE 28117 13/09/2022 11/02/2015 Book 29/05/2022  
    Dewey Decimal Classification     SAU Library SAU Library General Stacks 28/03/2005   658.401 SAE 31355 11/02/2015 11/02/2015 Book    
    Dewey Decimal Classification   Not For Loan SAU Library SAU Library Reference 03/07/2008   658.401 SAE 34220 28/05/2015 28/05/2015 Book   Reference